Instrumento para evaluar variables psicológicas y laborales en conductores de autobuses = Instrument to assess psychological and employment variables in bus drivers /
محفوظ في:
| المؤلف الرئيسي: | |
|---|---|
| مؤلفون آخرون: | |
| التنسيق: | نص |
| الوسوم: |
إضافة وسم
لا توجد وسوم, كن أول من يضع وسما على هذه التسجيلة!
|
MARC
| LEADER | 00000 a a2200000 04500 | ||
|---|---|---|---|
| 001 | 45092 | ||
| 003 | |||
| 040 | |||
| 100 | |a Córdoba López, Cinthya | ||
| 245 | |a Instrumento para evaluar variables psicológicas y laborales en conductores de autobuses = |b Instrument to assess psychological and employment variables in bus drivers / |c Cinthya Córdoba López, Marjorie Moreno Salas | ||
| 500 | |a cinthyacordoba@gmail.com |b maryyuri12@gmail.com | ||
| 700 | |a Moreno Salas, Marjorie | ||
| 773 | |g volumen92, número2 (2013), páginas 109-122 | ||
| 999 | |c 25308 |d 25308 | ||
